Normal view
MARC view
- كلباتريك،وليم مؤلف/السيد،عبد الحميد م.مشارك/إبراهيم،نجيب إسكندر م.مشارك/عفيفي،محمد الهادي م.مشارك
Entry Personal Name
001 - CONTROL NUMBER
- control field: 35062
003 - CONTROL NUMBER IDENTIFIER
- control field: JO-AjAnu
005 - DATE AND TIME OF LATEST TRANSACTION
- control field: 20230606075851.0
008 - FIXED-LENGTH DATA ELEMENTS
- fixed length control field: 230606|| aca||aabn | a|a d
040 ## - CATALOGING SOURCE
- Original cataloging agency: JO-AjAnu
- Transcribing agency: JO-AjAnu
100 ## - HEADING--PERSONAL NAME
- Personal name: كلباتريك،وليم مؤلف/السيد،عبد الحميد م.مشارك/إبراهيم،نجيب إسكندر م.مشارك/عفيفي،محمد الهادي م.مشارك
670 ## - SOURCE DATA FOUND
- Source citation: Work cat.: (JO-AjAnu)18006: كلباتريك،وليم مؤلف/السيد،عبد الحميد م.مشارك/إبراهيم،نجيب إسكندر م.مشارك/عفيفي،محمد الهادي م.مشارك, author, المدنية المتغيرة والتربية